| 000 | 00643nam a22001817a 4500 | ||
|---|---|---|---|
| 003 | OSt | ||
| 005 | 20251120105412.0 | ||
| 008 | 251120b |||||||| |||| 00| 0 eng d | ||
| 020 | _a971-685-726-9. | ||
| 040 |
_aDWCL-Admin lib _cOC |
||
| 082 | _aFil. 370 C737 2011 | ||
| 110 | _aLorimar Publishing Inc. | ||
| 245 |
_a Comprehensive LET reviewer based on NCBTS and Table of Specifications (TOS) : professional education BEEd & BSEd / _cLorimar Publishing Inc. |
||
| 260 |
_a Quezon City : _bLorimar Pub. , Inc. , _cc2011 |
||
| 300 |
_a186 p. ; _c25 cm. |
||
| 650 | _a1. Education-Examinations, questions, etc. | ||
| 942 |
_2ddc _cBK - FIL _kFil. _n0 |
||
| 999 |
_c5859 _d5859 |
||